Vyšívame

Bibliographic Details
Main Author: Duchoňová, Milina (Author)
Format: Book
Language:Slovak
PhysicalDescription:224 s., 25,91 AH Čiernobiele a fareb. fot. 24 cm
Published: Bratislava Alfa 1978
Edition:3. vyd.
Series:Knižnica Urob si sám

MARC

LEADER 00000nam a2200000 a 4500
001 vtls001110781
003 SK-MaSNL
005 20260301055339.0
008 250414s1978 xo 0 slo
015 |a SNBA1978 
035 |a SNK000053624 
040 |a SNK  |b slo  |c SNK  |e AACR2 
041 0 |a slo 
044 |a xo  |c SK 
080 |a 746.3(084.12)(024)  |2 1981 
100 1 |a Duchoňová, Milina  |4 aut  |9 287726 
245 1 0 |a Vyšívame  |c Milina Duchoňová ; Mária Chmeliarová 
250 |a 3. vyd. 
260 |a Bratislava  |b Alfa  |c 1978  |e Martin  |f Tlačiarne SNP 
300 |a 224 s., 25,91 AH  |b Čiernobiele a fareb. fot.  |c 24 cm 
366 |e 70000 výtl. 
490 1 |a Knižnica Urob si sám 
500 |a Fareb. fot. na front. Určené pre široký okruh čitateľov. 
700 1 |a Chmeliarová, Mária  |4 bkd  |9 368804 
852 |a Slovenská národná knižnica 
954 |a vyšívanie  |a výšivky slovenské 
958 |a OND 
958 |a TL 
999 |c 613147  |d 615077 
952 |t P60, <04>, [BOOK], {604}  |a SNK  |b SNK  |y VYP  |7 0  |p 17A0074391  |o snkSC 43121 D1  |0 0  |1 0  |4 0  |d 1997-06-25  |l 0  |r 2004-12-31 00:00:00  |w 2026-02-23 
952 |a SNK  |b SNK  |y PREZ  |7 0  |p 17A1003922  |o snkSC 43121   |0 0  |1 0  |4 0  |d 2013-08-20  |l 0  |r 2025-10-21 00:00:00  |w 2026-02-23